000 00642nam a2200241Ia 4500
001 dia_7598
003 CHAP
008 220117s1972 xx 000 0 und d
010 _a179150
040 _cCHAP
090 _aF 858 1972
110 _aU.S. Department of Agriculture
_9161735
245 _aUnited States standards for grades of peanut butter
250 _a3a ed.
260 _aEstados Unidos de América :
_b Department of Agriculture,
_c1972
300 _a5 p.
901 _aF 858 1972
902 _aM
905 _a0000001972 -us 0000000000eng00
942 _c12
942 _c12
999 _c179150
_d179150